Na medzibankovom trhu rozhodujúcim devízový fixing

Vývoj devízových rezerv Národnej banky Slovenska a medzibankového devízového trhu SR v r. 1995. Vývoj na devízovom fixingu NBS r. 1995.

Salvato in:
Dettagli Bibliografici
Autore principale: Szulenyi, F.
Natura: Capitolo di libro
Lingua:slovacco
Soggetti:
Tags: Aggiungi Tag
Nessun Tag, puoi essere il primo ad aggiungerne!!

MARC

LEADER 00000naa a2200000 4500
001 r021063
005 20230801104713.4
041 0 |a slo 
044 |a SK 
245 1 0 |a Na medzibankovom trhu rozhodujúcim devízový fixing  |c F. Szulenyi 
520 |a Vývoj devízových rezerv Národnej banky Slovenska a medzibankového devízového trhu SR v r. 1995. Vývoj na devízovom fixingu NBS r. 1995. 
610 2 0 |a Slovensko 
610 2 0 |a 1995 
610 2 0 |a NBS Bratislava 
610 2 0 |a rezervy devízové 
610 2 0 |a trh devízový 
100 1 |a Szulenyi, F.